Ethiopian Airlines fleet - Statistics

General Stats
  • This quiz has been taken 15 times
  • The average score is 10 of 17
Answer Stats
Hint Answer % Correct
Boeing 737-700
92%
Boeing 737-800
92%
Boeing 737 MAX 8
92%
Boeing 777-200
85%
Boeing 787-8
85%
Boeing 787-9
85%
Airbus A350-1000
85%
Airbus A350-900
85%
Boeing (order) 777-9
62%
Boeing 767-300ER
46%
Boeing 777-200LR
46%
Boeing 777F
46%
Boeing 767-300F
31%
De HavillandCanada Dash 8-400
23%
Boeing 737-800SF
8%
Boeing 737 BBJ2
8%
Boeing 767-300ER BDSF
8%
No matching quizzes found
Score Distribution
Percent of People with Each Score
Percentile by Number Answered
Your Score History
You have not taken this quiz